00893nam a2200205 a 450000100100000000500170001000800410002704000240006810000280009224500890012026000370020930000340024649000390028050400430031959000760036283000460043804900090048495201770049399900170067000003542220200930074330.0111031s1964 fr 000 0 spa d aDO-SdBNPbfrcBNPHU1 aKoestler, Arthur96102010aSuicide d' une nation? :bla Grande-Bretagne face á son destin /cArthur Koestler. aParis :bCamann-Lévy,.,c1964. a326 p. :bgráf. , ;c21 cm.1 aCollection Liberté de L´ Esprit aIncluye notas al pie de las páginas. aPerteneció a la biblioteca personal de Juan Isidro Jimenes Grullón. 0aCollection Liberté de L´ Esprit961255 aBNGR 001050718MOaGRbGRcCTd2011-10-31iLF1l0o p35422-10r2020-06-25w2020-06-25y1zPerteneció a la biblioteca personal de Juan Isidro Jimenes GrullónZNo se presta c34913d34913